[Event "2nd IECC"]
[Site "Ohrid MKD"]
[Date "2001.06.10"]
[Round "9"]
[White "Kizov,A"]
[Black "Ilic,Ljubo"]
[Result "1/2-1/2"]
[WhiteElo "2368"]
[BlackElo "2282"]

1.d4 d5 2.c4 Nc6 3.cxd5 Qxd5 4.e3 e5 5.Nc3 Bb4 6.Bd2 Bxc3 7.bxc3 Nf6 8.c4 Qd6
9.d5 Ne7 10.Qb1 O-O 11.e4 c5 12.Bd3 Nh5 13.Ne2 Nf4 14.Nxf4 exf4 15.f3 f5
16.O-O b6 17.Re1 fxe4 18.Rxe4 Ng6 19.Bc3 Bd7 20.Re1 Rae8 21.Qb2 Rxe1+ 22.Rxe1 Rf7
23.Qc2 Re7 24.Be4 Kf7 25.Bb2 Nh4 26.Bc3 Ng6 27.Qc1 Kg8 28.Kf2 Re8 29.Qa3 Re7
30.Qb2 Rf7 31.Qc2 Re7 32.Bd2 Rf7 33.Kg1 Re7 34.Bc3 Kf7 35.Qc1 Kg8 36.Qa3 Be8
37.Kf2 Bd7 38.Qc1 Rf7 39.Bd3 Rf8 40.Qa3 a5 41.Qb2 Rf7 42.Be4 Ne7 43.Rb1 Nc8
44.Kg1 Re7 45.Re1 a4 46.Qc2 h6 47.Qb2 Kf8 48.Qf2 b5 49.cxb5 Bxb5 50.Qh4 Bd7
51.Bd2 g5 52.Qf2 Nb6 53.Rc1 Nxd5 54.Qxc5 Qxc5+ 55.Rxc5 Nf6 56.Bd3 Kf7 57.Ra5 Be6
58.Rxa4 Rd7 59.Ra3 Bxa2 60.Be1 Be6 61.Bf1 Rd1 62.Kf2 Rd7  1/2-1/2

[Event "White Nights"]
[Site "St Petersburg RUS"]
[Date "2001.06.15"]
[Round "7"]
[White "Korotylev,A"]
[Black "Tishin,P"]
[Result "1/2-1/2"]
[WhiteElo "2554"]
[BlackElo "2446"]

1.d4 d5 2.c4 Nc6 3.cxd5 Qxd5 4.e3 e5 5.Nc3 Bb4 6.Bd2 Bxc3 7.bxc3 Nf6 8.f3 O-O
9.e4 Qd6 10.d5 Ne7 11.c4 Nd7 12.Ne2 b6 13.Nc3 a6 14.Be2 Nc5 15.O-O f5 16.Be3 Ng6
17.Re1 Nf4 18.Bf1 fxe4 19.Nxe4 Nxe4 20.fxe4 Qg6 21.Qc2 Bd7 22.a4 Rf6 23.c5 Raf8
24.Kh1 Kh8 25.cxb6 cxb6 26.Qc7 Bh3 27.Bxf4 Rxf4 28.gxh3 Rxf1+  1/2-1/2

[Event "White Nights"]
[Site "St Petersburg RUS"]
[Date "2001.06.17"]
[Round "9"]
[White "Iskusnyh,S"]
[Black "Tishin,P"]
[Result "1-0"]
[WhiteElo "2533"]
[BlackElo "2446"]

1.d4 d5 2.c4 Nc6 3.Nc3 dxc4 4.Nf3 Nf6 5.Bg5 Nd5 6.e4 Nxc3 7.bxc3 f6 8.Be3 Na5
9.Nd2 c6 10.Nxc4 Be6 11.Qh5+  1-0

[Event "12th Open"]
[Site "Ljubljana SLO"]
[Date "2001.07.01"]
[Round "9"]
[White "Tratar,M"]
[Black "Barle,J"]
[Result "1-0"]
[WhiteElo "2410"]
[BlackElo "2380"]

1.d4 d5 2.c4 Nc6 3.Nc3 dxc4 4.Nf3 Nf6 5.e4 Bg4 6.Be3 e6 7.Bxc4 Bb4 8.Qc2 O-O
9.Rd1 Bxf3 10.gxf3 Kh8 11.O-O Ne7 12.Qb3 a5 13.a3 Bxc3 14.bxc3 b6 15.a4 Ng6
16.Qb5 h6 17.Kh1 Rc8 18.Rg1 Nh4 19.Be2 Qe7 20.c4 c5 21.dxc5 bxc5 22.e5 Nh5
23.Rd7 Qe8 24.Rb7 Qc6 25.Qxc6 Rxc6 26.f4 g6 27.Rb5 Rd8 28.Rxa5 Nf5 29.Bxh5 gxh5
30.Rxc5 Rxc5 31.Bxc5 Rc8 32.Be3 Rxc4 33.Ra1 Rc6 34.a5 Ra6 35.Bc5 Kg7 36.Kg2 f6
37.Kf3 Kf7 38.Ke4 Nh4 39.Bb6 Nf5 40.Rc1 Ne7 41.Rc7 f5+ 42.Kd4 Ke8 43.Kc5 Nd5
44.Kc6  1-0

[Event "ch-NOR"]
[Site "Kristiansund NOR"]
[Date "2001.07.12"]
[Round "7"]
[White "Johannessen,LE"]
[Black "Bae,T"]
[Result "0-1"]
[WhiteElo "2426"]
[BlackElo "2281"]

1.d4 d5 2.c4 Nc6 3.Nc3 dxc4 4.Nf3 Nf6 5.Bg5 h6 6.Bxf6 exf6 7.e3 Bd6 8.Bxc4 O-O
9.a3 Ne7 10.O-O Bg4 11.Ne4 f5 12.Nxd6 Qxd6 13.h3 Bh5 14.Rc1 f4 15.exf4 Qxf4
16.Be2 Rad8 17.Qa4 Nc6 18.Qb5 Bxf3 19.Bxf3 Nxd4 20.Qxb7 Rb8 21.Qxc7 Nxf3+
22.gxf3 Qf5 23.b4 Qxh3 24.Qg3 Qd7 25.Rc4 Rb6 26.Rg4 f5 27.Rc4 Kh7 28.Kh2 Rg6
29.Qf4 Qd3 30.Rg1 Rxg1 31.Kxg1 Rf6 32.Rc1 Qxa3 33.Rd1 Rg6+ 34.Kh2 Qb2 35.Qd4 Qe2
36.Rg1 Rxg1 37.Kxg1 Qxf3 38.Qxa7 Qg4+  0-1

[Event "Politiken Cup"]
[Site "Copenhagen DEN"]
[Date "2001.07.18"]
[Round "3"]
[White "Aaberg,A"]
[Black "Nicolaisen,J"]
[Result "1-0"]
[WhiteElo "2373"]
[BlackElo "2047"]

1.d4 d5 2.c4 Nc6 3.Nc3 dxc4 4.e3 e5 5.d5 Nb4 6.Bxc4 c6 7.a3 cxd5 8.Bb5+ Nc6
9.Qxd5 Qxd5 10.Nxd5 Bd6 11.Ne2 Ne7 12.Ndc3 O-O 13.Ne4 Bc7 14.Bd2 f5 15.Bc4+ Kh8
16.Ng5 h6 17.Ne6 Bxe6 18.Bxe6 Rad8 19.Ba2 Nd5 20.O-O-O Nf6 21.f3 Bb6 22.Nc3 a6
23.h3 e4 24.f4 Ne7 25.Rhe1 Rd6 26.Bb3 Rfd8 27.Bc2 Ned5 28.Nxd5 Nxd5 29.g4 g6
30.Re2 Kh7 31.Rde1 Rc8 32.Kb1 Rcd8 33.Bc1 Nf6 34.Rg2 Nd5 35.Ree2 Nf6 36.Rg3 h5
37.gxf5 gxf5 38.Rg5 Rd5 39.Reg2 Rg8 40.Rxg8 Nxg8 41.Rxg8  1-0

[Event "Politiken Cup"]
[Site "Copenhagen DEN"]
[Date "2001.07.21"]
[Round "7"]
[White "Pedersen,St"]
[Black "Kongsted,C"]
[Result "1-0"]
[WhiteElo "2453"]
[BlackElo "2232"]

1.d4 d5 2.c4 Nc6 3.Nc3 dxc4 4.Nf3 Nf6 5.e3 Bg4 6.Bxc4 e6 7.h3 Bh5 8.Be2 Bd6
9.O-O O-O 10.b3 Nd7 11.Bb2 Nb6 12.Ne4 Nd5 13.Ne5 Bxe2 14.Qxe2 Nce7 15.Rac1 f6
16.Nd3 b6 17.Nxd6 cxd6 18.e4 Nc7 19.Nf4 Rc8 20.Rc2 Qd7 21.Rfc1 Kf7 22.Qg4 f5
23.exf5 Nxf5 24.Qf3 d5 25.g4 Nh4 26.Qg3 Kg8 27.Ba3 Nb5 28.Bxf8 Rxc2 29.Rxc2 Nxd4
30.Rc3 g5 31.Rd3 e5 32.Rxd4 exd4 33.Ba3 Qe8 34.Nd3 Qe4 35.Qb8+ Kf7 36.Qxa7+ Kg8
37.Qb8+ Kf7 38.Qc7+ Kg8 39.Qd8+ Kf7 40.Qf8+ Kg6 41.Qg8+ Kf6 42.Qf8+ Kg6 43.Qd6+ Kf7
44.Qg3 Ke6 45.Kf1 Qh1+ 46.Ke2 Qe4+ 47.Kd1 Qh1+ 48.Kc2 Qe4 49.Qd6+ Kf7 50.Qe5 Nf3
51.Qc7+ Kg8 52.Qd8+ Kf7 53.Qf8+ Kg6 54.Qxf3  1-0

[Event "Politiken Cup"]
[Site "Copenhagen DEN"]
[Date "2001.07.24"]
[Round "10"]
[White "Palo,D"]
[Black "Kongsted,C"]
[Result "1-0"]
[WhiteElo "2325"]
[BlackElo "2232"]

1.d4 d5 2.c4 Nc6 3.Nf3 Bg4 4.cxd5 Bxf3 5.gxf3 Qxd5 6.e3 e5 7.Nc3 Bb4 8.Bd2 Bxc3
9.bxc3 Nf6 10.c4 Qd6 11.d5 Ne7 12.Rb1 O-O 13.Bb4 Qd8 14.Bh3 b6 15.O-O Ne8
16.c5 bxc5 17.Bxc5 Nd6 18.Kh1 Ng6 19.Qa4 f5 20.Rg1 Nh4 21.Rg3 f4 22.Be6+ Kh8
23.Rh3 e4 24.fxe4 Qf6 25.Bxd6 cxd6 26.Qd4 Rab8 27.Rg1 fxe3 28.Qxf6 Rxf6 29.Rxh4 Rxf2
30.Re1 Rbb2 31.e5 dxe5 32.d6 Rfd2 33.d7 g5 34.Rh5 h6 35.Rxh6+ Kg7 36.Rh5 Kf6
37.Bg4 Rxa2 38.Rh8 Ra4 39.d8=Q+ Rxd8 40.Rxd8 Rxg4 41.Rxe3 e4 42.Rd5 Ke6 43.Ra5 Kf6
44.h3 Rh4 45.Rg3  1-0

[Event "COQ Open"]
[Site "Quebec CAN"]
[Date "2001.07.26"]
[Round "7"]
[White "Feoktistov,D"]
[Black "Grondin,JP"]
[Result "0-1"]
[WhiteElo "2009"]
[BlackElo "2261"]

1.d4 d5 2.c4 Nc6 3.Nc3 dxc4 4.d5 Ne5 5.Qd4 Ng6 6.e4 e5 7.Qxc4 a6 8.Nf3 Bd6
9.Be2 Nf6 10.O-O O-O 11.h3 Nh5 12.Nh2 Nhf4 13.Bg4 h5 14.Bxc8 Rxc8 15.Bxf4 Nxf4
16.Ne2 Qg5 17.Nxf4 Qxf4 18.Qd3 f5 19.Rfe1 Rce8 20.g3 fxe4 21.Rxe4 Qf5 22.Kg2 Qg6
23.Qe2 Rf4 24.Re1 Ref8 25.f3 h4 26.g4 Qf7 27.Rd1 Qf6 28.Rd3 Qg5 29.Nf1 Rxe4
30.Qxe4 Rf4 31.Qe2 e4 32.fxe4 Qe5 33.Nd2 Qxb2 34.Rb3 Qxa2 35.e5 Bc5 36.Rf3 Qxd5
37.e6 Bb4 38.e7 Bxe7 39.Qxe7 Qxd2+  0-1

[Event "HZ Open"]
[Site "Vlissingen NED"]
[Date "2001.08.03"]
[Round "8"]
[White "Ernst,S"]
[Black "Veltkamp,G"]
[Result "1/2-1/2"]
[WhiteElo "2440"]
[BlackElo "2209"]

1.d4 d5 2.c4 Nc6 3.cxd5 Qxd5 4.e3 e5 5.Nc3 Bb4 6.Bd2 Bxc3 7.Bxc3 exd4 8.exd4 Nf6
9.Nf3 O-O 10.Be2 Ne4 11.O-O b6 12.Nd2 Nxc3 13.bxc3 Bb7 14.Bf3 Qg5 15.Nc4 Ba6
16.Bxc6 Bxc4 17.Bxa8 Bxf1 18.Bc6 Bc4 19.Qa4 Bd5 20.Bxd5 Qxd5 21.Qxa7 Qc4
22.Qa3 Re8 23.g3 h5 24.Qb3 Qc6 25.h4 Re2 26.a4 Qf3 27.Rf1 g5 28.hxg5 Kg7
29.g6 Kxg6 30.Qb1+ Kg5 31.Qb5+ Kg4 32.Qd7+ Re6 33.Qd8 Rf6 34.Kh2 h4 35.Qc8+ Rf5
36.Qg8+ Rg5 37.Qc8+ Rf5 38.Qg8+ Rg5 39.Qc8+ Rf5  1/2-1/2

[Event "FSIMA August"]
[Site "Budapest HUN"]
[Date "2001.08.04"]
[Round "1"]
[White "Paci,C"]
[Black "Kummer,Hel"]
[Result "0-1"]
[WhiteElo "2275"]
[BlackElo "2386"]

1.d4 d5 2.c4 Nc6 3.cxd5 Qxd5 4.e3 e5 5.Nc3 Bb4 6.Bd2 Bxc3 7.Bxc3 exd4 8.Ne2 Bg4
9.f3 O-O-O 10.Nxd4 Be6 11.Qa4 Nge7 12.Bb5 Qg5 13.Kf2 Nd5 14.f4 Nxc3 15.bxc3 Qc5
16.Bxc6 bxc6 17.Rhd1 Rd6 18.Rab1 Re8 19.Qa6+ Kd7 20.Rb7 Qc4 21.Qxa7 Qxa2+
22.Qxa2 Bxa2 23.Ra1 Bd5 24.Raa7 Rc8  0-1

[Event "Nordic Championships"]
[Site "Bergen NOR"]
[Date "2001.08.10"]
[Round "7"]
[White "Tjomsland,S"]
[Black "Heim,S"]
[Result "0-1"]
[WhiteElo "2269"]
[BlackElo "2371"]

1.d4 d5 2.c4 Nc6 3.cxd5 Qxd5 4.e3 e5 5.Nc3 Bb4 6.Bd2 Bxc3 7.bxc3 Qd6 8.Bd3 Nge7
9.Ne2 O-O 10.O-O b6 11.f4 exd4 12.exd4 Bf5 13.Qc2 Qg6 14.Bxf5 Qxf5 15.Rac1 Rad8
16.Ng3 Qxc2 17.Rxc2 f5 18.Re1 g6 19.Bc1 Rfe8 20.Re6 Kf7 21.Rce2 Na5 22.Bd2 Nc4
23.Be1 Nd5 24.Rxe8 Rxe8 25.Rxe8 Kxe8 26.Ne2 Kd7 27.Kf2 Kc6 28.Kf3 Kb5 29.g4 Nd6
30.gxf5 gxf5 31.h4 Kc4 32.h5 Nf6 33.Ng3 Kd3 34.h6 Ng8 35.Nh5 Nxh6 36.Nf6 Ne4
37.Nxh7 Nxc3 38.Ng5 Nb5 39.Bf2 c6 40.Ne6 Nf7 41.a4 Nc3 42.d5 cxd5 43.Nd4 Nd6
44.Nc6 Nxa4 45.Nxa7 Ne4 46.Bg1 Nd2+ 47.Kg3 Ke4 48.Nb5 Nf1+ 49.Kf2 Ne3 50.Nd6+ Kd3
51.Kf3 d4 52.Nb5 Nc5 53.Nxd4 Kxd4 54.Bxe3+ Kd3 55.Bf2 Nd7 56.Bh4 b5 57.Be7 Nb6
58.Kf2 Nd5 59.Bd6 b4 60.Ke1 b3  0-1

[Event "Rubinstein Open"]
[Site "Polanica Zdroj POL"]
[Date "2001.08.16"]
[Round "1"]
[White "Zielinska,Mal"]
[Black "Swic,W"]
[Result "1/2-1/2"]
[WhiteElo "2101"]
[BlackElo "2312"]

1.d4 d5 2.c4 Nc6 3.Nc3 e5 4.e3 Bb4 5.Nf3 exd4 6.exd4 Nge7 7.a3 Bxc3+ 8.bxc3 O-O
9.Bd3 dxc4 10.Bxc4 Bf5 11.Bg5 Na5 12.Ra2 Qd6 13.O-O Ng6 14.Re1 b6 15.Ne5 h6
16.Nxg6 Qxg6 17.Be7 Rfe8 18.Qf3 Qg4 19.Bd5 c6 20.h3 Qxf3 21.Bxf3 Bd7 22.Ree2 Rac8
23.Ra1  1/2-1/2

[Event "14th Kieler Open"]
[Site "Kiel GER"]
[Date "2001.08.20"]
[Round "5"]
[White "Bekker Jensen,S"]
[Black "Buechmann,O"]
[Result "1/2-1/2"]
[WhiteElo "2356"]
[BlackElo "2149"]

1.d4 d5 2.c4 Nc6 3.Nc3 dxc4 4.Nf3 a6 5.d5 Nb8 6.e4 b5 7.a4 b4 8.Na2 Nf6 9.Qd4 e6
10.Bxc4 exd5 11.exd5 Be7 12.Bg5 O-O 13.O-O Bb7 14.Rad1 Nbd7 15.a5 Re8 16.Nc1 c5
17.dxc6 Bxc6 18.Nb3 Bxf3 19.gxf3 Qc7 20.Rfe1 Rad8 21.Qf4  1/2-1/2

[Event "14th Kieler Open"]
[Site "Kiel GER"]
[Date "2001.08.20"]
[Round "5"]
[White "Bekker Jensen,Da"]
[Black "Wisnewski,C"]
[Result "0-1"]
[WhiteElo "2284"]
[BlackElo "2387"]

1.d4 d5 2.c4 Nc6 3.Nc3 dxc4 4.Nf3 a6 5.d5 Nb8 6.e4 b5 7.a4 b4 8.Na2 Nf6 9.Qd4 e6
10.Bxc4 exd5 11.exd5 Bb7 12.O-O Be7 13.Rd1 O-O 14.Bf4 Bd6 15.a5 Re8 16.Re1 Rxe1+
17.Rxe1 Nbd7 18.Bd2 Qf8 19.Ng5 Bc5 20.Qh4 h6 21.Ne6 fxe6 22.dxe6 Kh8 23.exd7 Ne4
24.Be3 Bxe3 25.Rxe3 g5 26.Qh3 Qxf2+ 27.Kh1 Kg7 28.Qf3 Qxf3 29.gxf3 Nd6 30.Be6 Kf6
31.Bg4 Rd8 32.Nxb4 h5 33.Be6 Bxf3+ 34.Kg1 Bb7 35.Nd3 Ne4 36.Bh3 g4 37.Bg2 Rxd7
38.Bxe4 Bxe4 39.Nc5 Rd1+ 40.Kf2 Bf3 41.Nxa6 Rd2+ 42.Kf1 Rxb2 43.h3 Bg2+ 44.Kg1 gxh3
45.Nc5 Rb1+ 46.Kh2 Kg5  0-1

[Event "14th Kieler Open"]
[Site "Kiel GER"]
[Date "2001.08.20"]
[Round "5"]
[White "Sarakauskas,G"]
[Black "Langrock,H"]
[Result "1-0"]
[WhiteElo "2381"]
[BlackElo "2249"]

1.d4 d5 2.c4 Nc6 3.Nc3 Nf6 4.Nf3 dxc4 5.e3 e5 6.d5 e4 7.Ng5 Ne5 8.Ngxe4 Nxe4
9.Nxe4 b5 10.Qd4 Ng6 11.a4 Bb7 12.axb5 Qxd5 13.Qxd5 Bxd5 14.Nc3 Be6 15.f4 f5
16.Ra4 Bd6 17.Bxc4 Bxc4 18.Rxc4 O-O-O 19.Kf2 Rhe8 20.Ne2 Kb7 21.b3 Nf8 22.Nd4 g6
23.Bb2 Ra8 24.h3 Ne6 25.Nxe6 Rxe6 26.Bd4 a6 27.bxa6+ Rxa6 28.Ra1 Rxa1 29.Bxa1 Re8
30.Kf3 c5 31.e4 fxe4+ 32.Rxe4 Ra8 33.Ra4 Re8 34.Bc3 Re7 35.Re4 Rf7 36.Be5 Kc6
37.Kg4 Re7 38.Re1 Bxe5 39.Rxe5 Rb7 40.Re3 Kd5 41.Kf3 Rf7 42.Rd3+ Ke6 43.g4 Rb7
44.Re3+ Kf6 45.Ke4 Ke6 46.f5+ gxf5+ 47.gxf5+ Kf6 48.Kd5 Kxf5 49.Rf3+ Kg5
50.Kxc5  1-0

[Event "Canadian Closed"]
[Site "Montreal CAN"]
[Date "2001.08.23"]
[Round "4"]
[White "Mikanovic,G"]
[Black "Ghannoum,M"]
[Result "1-0"]
[WhiteElo "2273"]
[BlackElo "2192"]

1.d4 d5 2.c4 Nc6 3.cxd5 Qxd5 4.e3 e5 5.Nc3 Bb4 6.Bd2 Bxc3 7.bxc3 Qd6 8.Bd3 f5
9.Ne2 Nge7 10.O-O O-O 11.f3 Be6 12.Qc2 Rad8 13.Be1 Nd5 14.Bf2 exd4 15.exd4 Nb6
16.Bg3 Qd7 17.Nf4 Bc4 18.Rfe1 Bxd3 19.Nxd3 Rde8 20.Nc5 Qd5 21.Qb3 Rxe1+ 22.Rxe1 f4
23.Bf2 Na5 24.Qc2 Nbc4 25.Re7 Qd8 26.Qe4 Nd6 27.Qe5 Ne8 28.Bh4 Nc6 29.Qe6+ Kh8
30.Rf7 Nf6 31.Bxf6 gxf6 32.Nxb7 Nxd4 33.Rxf8+ Qxf8 34.cxd4 Qb4 35.Qxf6+ Kg8
36.Qd8+ Kg7 37.Qxc7+ Kg8 38.Qd8+ Kg7 39.Qd7+ Kf6 40.Qd6+  1-0

[Event "ADCF Masters"]
[Site "Abu Dhabi UAE"]
[Date "2001.08.25"]
[Round "1"]
[White "Safin,S"]
[Black "Toomanian,H"]
[Result "1-0"]
[WhiteElo "2529"]
[BlackElo "2301"]

1.d4 d5 2.c4 Nc6 3.Nf3 Bg4 4.Nc3 e6 5.cxd5 exd5 6.Bf4 Bxf3 7.gxf3 Bd6 8.Bg3 Nge7
9.e3 h5 10.Bh3 a6 11.Rg1 h4 12.Bxd6 Qxd6 13.f4 g6 14.Rc1 f6 15.Qf3 Kf7 16.Bf1 Rhe8
17.Bd3 f5 18.Kf1 Rad8 19.Qg2 Nb8 20.Nb1 Nd7 21.Nd2 Nf6 22.Nf3 Ne4 23.Ne5+  1-0

[Event "Canadian Closed"]
[Site "Montreal CAN"]
[Date "2001.08.25"]
[Round "6"]
[White "Ochkoos,J"]
[Black "Ghannoum,M"]
[Result "1/2-1/2"]
[WhiteElo "2285"]
[BlackElo "2192"]

1.d4 d5 2.c4 Nc6 3.Nf3 Bg4 4.cxd5 Bxf3 5.gxf3 Qxd5 6.e3 e5 7.Nc3 Bb4 8.Bd2 Bxc3
9.bxc3 exd4 10.cxd4 Nge7 11.Bg2 O-O-O 12.O-O Rd6 13.Kh1 f5 14.f4 Qf7 15.Rg1 h6
16.Qb3 Qxb3 17.axb3 Rg8 18.b4 a6 19.b5 axb5 20.Rgb1 b4 21.Bxb4 Nxb4 22.Rxb4 c6
23.Ra7 Rd7 24.h4 h5 25.d5 cxd5 26.Bxd5 Rxd5 27.Rbxb7 Ng6 28.Rf7 Rb5 29.Ra8+ Rb8
30.Rxb8+ Kxb8 31.Rxf5 Rh8 32.Rg5 Nxh4 33.Rxg7 Nf5 34.Rg5 Nd6 35.f3 Kc7  1/2-1/2

[Event "Canadian Closed"]
[Site "Montreal CAN"]
[Date "2001.08.27"]
[Round "8"]
[White "Khassanov,M"]
[Black "Ghannoum,M"]
[Result "1-0"]
[WhiteElo "2363"]
[BlackElo "2192"]

1.d4 d5 2.c4 Nc6 3.Nc3 dxc4 4.d5 Ne5 5.Qd4 Ng6 6.Qxc4 a6 7.Qb3 Rb8 8.e4 b5
9.a4 b4 10.Bc4 Qd6 11.Nce2 Nf6 12.Ng3 e6 13.Nf3 Be7 14.O-O O-O 15.h3 exd5
16.exd5 Rd8 17.Nd4 Nxd5 18.Ngf5 Qc5 19.Be3 Nxe3 20.Bxf7+ Kh8 21.fxe3 Bf6
22.Rac1 Qe5 23.Nc6 Qe4 24.Rc4 Be6 25.Rxe4 Bxb3 26.Bxb3  1-0

[Event "1st Open"]
[Site "St-Chely d'Aubrac FRA"]
[Date "2001.08.27"]
[Round "2"]
[White "Flear,G"]
[Black "Rabineau,C"]
[Result "1-0"]
[WhiteElo "2489"]
[BlackElo "2138"]

1.d4 d5 2.c4 Nc6 3.Nc3 e5 4.cxd5 Nxd4 5.e3 Nf5 6.Nf3 Bd6 7.g3 a6 8.Bg2 Nfe7
9.O-O Bg4 10.h3 Bd7 11.e4 Qc8 12.Kh2 f6 13.Be3 g5 14.Nd2 Ng6 15.Nc4 Bf8 16.Rc1 b5
17.Na5 Nh6 18.d6 Bxd6 19.Nd5 O-O 20.Nb6 Qe8 21.Nxa8 Qxa8 22.Bc5 Qb8 23.Qd5+ Nf7
24.Rfd1 Ne7 25.Qb7 Qxb7 26.Nxb7 Rc8 27.Bf3 Be6 28.Bxd6 Nxd6 29.Nxd6 cxd6
30.Rxc8+ Nxc8 31.Bg4 Bxg4 32.hxg4 Nb6 33.Rxd6  1-0

[Event "Schwarzach Open A"]
[Site "Salzburg AUT"]
[Date "2001.08.29"]
[Round "5"]
[White "Hecht,HJ"]
[Black "Heilinger,D"]
[Result "1/2-1/2"]
[WhiteElo "2428"]
[BlackElo "2186"]

1.d4 d5 2.c4 Nc6 3.Nc3 dxc4 4.Nf3 Nf6 5.e4 Bg4 6.Be3 e6 7.Bxc4 Bb4 8.Qc2 O-O
9.Rd1 Qe7 10.Be2 Rfe8 11.O-O e5 12.d5 Nd4 13.Nxd4 exd4 14.Rxd4 Bxe2 15.Qxe2 Bxc3
16.bxc3 Nxe4 17.c4 b6 18.Qf3 g6 19.Bc1 f5 20.g4 fxg4 21.Qxg4 Nc3 22.Be3 Ne4
23.Kh1 Nd6 24.Rf4 Rf8 25.Bd2  1/2-1/2

[Event "EYCC G16"]
[Site "Halkidiki GRE"]
[Date "2001.08.31"]
[Round "1"]
[White "Hasanova,E"]
[Black "Adondakis,H"]
[Result "1-0"]
[WhiteElo "2264"]
[BlackElo "2043"]

1.d4 d5 2.c4 Nc6 3.Nf3 Bg4 4.cxd5 Bxf3 5.dxc6 Bxc6 6.Nc3 e6 7.Bf4 Nf6 8.e3 Bb4
9.Qc2 O-O 10.Bd3 Bd6 11.Bxd6 Qxd6 12.O-O e5 13.dxe5 Qxe5 14.h3 Rfe8 15.Rfd1 Qg5
16.Bf1 Ne4 17.Rd4 Nxc3 18.Qxc3 Re6 19.Rad1 Rae8 20.Rg4 Qh6 21.Qa5 Rf6 22.Qxa7 Rf5
23.Qa3 Qf6 24.Rd2 h5 25.Rgd4 Qg5 26.Qd3 Rf6 27.Rd8 Re6 28.Rxe8+ Rxe8 29.Qd4 g6
30.a3 Kh7 31.Rd1 Re6 32.Qd8 Qxd8 33.Rxd8 Kg7 34.Bc4 Re7 35.Rd4 Re5 36.g3 Kf8
37.b4 Ke7 38.Bb3 g5 39.Kf1 Bf3 40.Ke1 f6 41.Kd2 c5 42.bxc5 Rxc5 43.h4 g4
44.e4 f5 45.Rd5 Rxd5+ 46.Bxd5 Bxe4 47.Bxe4 fxe4 48.Ke3 b5 49.Kxe4 Ke6 50.f4 gxf3
51.Kxf3 Kd5 52.g4 hxg4+ 53.Kxg4 Kc4 54.h5 Kb3 55.h6 Kxa3 56.h7  1-0

[Event "1st Open"]
[Site "St-Chely d'Aubrac FRA"]
[Date "2001.08.31"]
[Round "8"]
[White "Saucey,M"]
[Black "Chaplin,E"]
[Result "1-0"]
[WhiteElo "2331"]
[BlackElo "2204"]

1.d4 d5 2.c4 Nc6 3.Nc3 e6 4.Nf3 Bb4 5.Bg5 Nf6 6.e3 h6 7.Bh4 g5 8.Bg3 Ne4
9.Nd2 Nxc3 10.bxc3 Bxc3 11.Rc1 Bb4 12.h4 gxh4 13.Bxh4 Be7 14.Qh5 Bxh4 15.Rxh4 Qe7
16.Rf4 e5 17.dxe5 Be6 18.cxd5 Bxd5 19.Bb5 O-O-O 20.Bxc6 Bxc6 21.Rxf7 Qa3
22.Qf5+ Kb8 23.Qc2 Rhe8 24.Nf3 Qa5+ 25.Qc3 Qxa2 26.Rf6 Re7 27.Rxc6 bxc6 28.Nd4  1-0

[Event "5th Pablo Gorbea Mem Open"]
[Site "Madrid ESP"]
[Date "2001.09.09"]
[Round "3"]
[White "Moreno Ruiz,J"]
[Black "Prada Lopez,M"]
[Result "1-0"]
[WhiteElo "2416"]
[BlackElo "2156"]

1.d4 d5 2.c4 Nc6 3.cxd5 Qxd5 4.e3 e5 5.Nc3 Bb4 6.Bd2 Bxc3 7.bxc3 exd4 8.cxd4 Nf6
9.Ne2 Ne4 10.Nf4 Qd6 11.Be2 O-O 12.O-O Nb4 13.Be1 c5 14.Qb1 Bf5 15.dxc5 Qe5
16.Bxb4 Ng3 17.Bd3 Nxf1 18.Qxf1 Rfd8 19.Bxf5 Qxf5 20.Rc1 Rac8 21.h3 h6 22.Qc4 Rc6
23.Qb5 Qc8 24.Re1 a6 25.Qe2 Qf5 26.Rd1 Rcc8 27.a3 Qe4 28.Rd6 Re8 29.Qd3 Qe5
30.Qd4 Qxd4 31.exd4 Re4 32.g3 Kf8 33.c6  1-0

[Event "5th Pablo Gorbea Mem Open"]
[Site "Madrid ESP"]
[Date "2001.09.11"]
[Round "5"]
[White "Lazarev,V"]
[Black "Prada Lopez,M"]
[Result "1-0"]
[WhiteElo "2459"]
[BlackElo "2156"]

1.d4 d5 2.c4 Nc6 3.Nc3 dxc4 4.Nf3 e6 5.e4 Nf6 6.Bxc4 a6 7.a3 b5 8.Bb3 b4
9.axb4 Bxb4 10.Bg5 h6 11.Bxf6 Qxf6 12.Ba4 Bd7 13.O-O Bxc3 14.bxc3 O-O 15.e5 Qd8
16.Qd3 a5 17.Bc2 g6 18.Nd2 Ne7 19.Ne4 Nd5 20.Qg3 Kg7 21.h4 Be8 22.Ra3 f5
23.exf6+ Nxf6 24.Nc5 Bf7 25.Bxg6  1-0

[Event "ch-HUN Women"]
[Site "Budapest HUN"]
[Date "2001.09.23"]
[Round "3"]
[White "Csonkics,T"]
[Black "Gara,A"]
[Result "0-1"]
[WhiteElo "2227"]
[BlackElo "2303"]

1.d4 d5 2.c4 Nc6 3.cxd5 Qxd5 4.e3 e5 5.Nc3 Bb4 6.Bd2 Bxc3 7.Bxc3 exd4 8.Ne2 Nf6
9.Nxd4 O-O 10.Nb5 Qg5 11.h4 Qh6 12.Qf3 Bg4 13.Qg3 Bf5 14.Nd4 Nxd4 15.Bxd4 Rad8
16.Be2 Rfe8 17.Rd1 Bc2 18.Rc1 Rxd4 19.Rxc2 Rb4 20.a3 Rb3 21.Qxc7 Qg6 22.g3 Nd5
23.Qe5 Rf8 24.Rd2 Nf6 25.O-O Re8 26.Qc7 h6 27.Bc4 Rb6 28.Rd8 Rc6 29.Rxe8+ Nxe8
30.Qf4 Nd6 31.Bd5 Rb6 32.b4 Qd3 33.Bf3 Qc4 34.Qe5 Qe6 35.Qc5 Qf6 36.Bg2 Rb5
37.Qc7 g6 38.Rd1 Rb6 39.a4 Nf5 40.b5 Rd6 41.Rf1 b6 42.Qxa7 Rd2 43.a5 bxa5
44.b6 Rb2 45.Qb8+ Kg7 46.b7 Qd6 47.Qc8 a4 48.Qc3+ Qf6 49.Qa5 Qb6 50.Qe5+ Kh7
51.Rc1 Rb5 52.Qe8 Nd6 53.Qe7 a3 54.Bf1 Rd5 55.Rc8 Qxb7 56.Rh8+ Kxh8  0-1

[Event "Chigorin Mem Open"]
[Site "St Petersburg RUS"]
[Date "2001.10.01"]
[Round "7"]
[White "Stjazhkina,O"]
[Black "Kravtsov,S"]
[Result "1/2-1/2"]
[WhiteElo "2310"]
[BlackElo "2422"]

1.d4 d5 2.c4 Nc6 3.Nc3 e5 4.cxd5 Nxd4 5.e3 Nf5 6.Nf3 Bd6 7.e4 Nfe7 8.Bb5+ Bd7
9.Qb3 Nf6 10.Bxd7+ Nxd7 11.Qxb7 O-O 12.O-O f5 13.Ng5 Nc5 14.Qb5 Rb8 15.Qe2 Qe8
16.Be3 Nxe4 17.Ngxe4 fxe4 18.Bxa7 Ra8 19.Be3 Qg6 20.Qc4 Rab8 21.Qxe4 Qxe4
22.Nxe4 Rxb2 23.Rfd1 Ra8 24.a4 Nxd5 25.Nxd6 Nxe3 26.fxe3 cxd6  1/2-1/2

[Event "Chigorin Mem Open"]
[Site "St Petersburg RUS"]
[Date "2001.10.03"]
[Round "9"]
[White "Razuvajeva,J"]
[Black "Sepman,Y"]
[Result "0-1"]
[WhiteElo "2206"]
[BlackElo "2370"]

1.d4 d5 2.c4 Nc6 3.e3 e5 4.dxe5 d4 5.exd4 Qxd4 6.Qxd4 Nxd4 7.Bd3 Be6 8.Nc3 O-O-O
9.Bf4 Ne7 10.O-O-O Nec6 11.Nge2 Nb4 12.Bb1 Nxe2+ 13.Nxe2 Bc5 14.a3 Nc6 15.b4 Bxf2
16.Bd3 a5 17.Rhf1 Ba7 18.b5 Nd4 19.Bg5 Rd7 20.h3 Bc5 21.a4 h6 22.Bf4 Rhd8
23.Nxd4 Rxd4 24.Be2 Rxf4  0-1

[Event "3rd Golden Autumn"]
[Site "Alushta UKR"]
[Date "2001.10.07"]
[Round "?"]
[White "Shtyrenkov,V"]
[Black "Tishin,P"]
[Result "1/2-1/2"]
[WhiteElo "2492"]
[BlackElo "2471"]

1.d4 d5 2.c4 Nc6 3.cxd5 Qxd5 4.e3 e5 5.Nc3 Bb4 6.Bd2 Bxc3 7.Bxc3 exd4 8.Ne2 Bg4
9.f3 Be6 10.Nxd4 O-O-O 11.Qa4 Nge7 12.Nxc6 Nxc6 13.Bb5 Qc5 14.Kf2 Bd7 15.Rhc1 Ne5
16.Bxd7+ Rxd7 17.Bd4 Nd3+ 18.Kf1 Rxd4 19.exd4 Qd6 20.Re1 Nxe1 21.Rxe1 a6
22.Re8+ Rxe8 23.Qxe8+ Qd8 24.Qxf7 Qxd4 25.Qe8+ Qd8 26.Qxd8+ Kxd8 27.Ke2 Ke7
28.Ke3 Kd6 29.Ke4 Ke6 30.f4 Kf6 31.b4 Ke6 32.f5+ Kd6 33.g4 Ke7 34.Ke5 Kf7
35.g5 Ke7 36.h4 Kf7 37.Kd5 h5 38.Ke5 Ke7 39.Kd5 Kf7 40.a3 Ke7 41.Ke5 Kf7
42.a4 Ke7 43.a5 Kf7 44.f6 gxf6+ 45.gxf6 b6 46.Kd5 bxa5 47.bxa5 Kxf6 48.Kc6 Ke6
49.Kxc7 Kd5 50.Kb6 Kd6 51.Kxa6 Kc6 52.Ka7 Kc7 53.a6 Kc8 54.Kb6 Kb8  1/2-1/2

[Event "6th Wichern Open"]
[Site "Hamburg GER"]
[Date "2001.10.16"]
[Round "4"]
[White "Gershon,A"]
[Black "Langrock,H"]
[Result "1-0"]
[WhiteElo "2556"]
[BlackElo "2249"]

1.d4 d5 2.c4 Nc6 3.cxd5 Qxd5 4.e3 e5 5.Nc3 Bb4 6.Bd2 Bxc3 7.bxc3 Nf6 8.f3 e4
9.f4 Qd8 10.Ne2 O-O 11.Ng3 Ne7 12.c4 Bg4 13.Qb1 Rb8 14.h3 Bd7 15.Be2 c5 16.dxc5 Nf5
17.Nxf5 Bxf5 18.g4 Bc8 19.Bc3 Re8 20.Qb2 Nd7 21.O-O-O Qe7 22.Bxg7 Nxc5 23.Bh6 f6
24.g5 f5 25.Rhg1  1-0

[Event "6th Wichern Open"]
[Site "Hamburg GER"]
[Date "2001.10.20"]
[Round "8"]
[White "Bach,M"]
[Black "Hebbinghaus,H"]
[Result "0-1"]
[WhiteElo "2307"]
[BlackElo "2229"]

1.d4 d5 2.c4 Nc6 3.Nc3 Nf6 4.cxd5 Nxd5 5.e4 Nxc3 6.bxc3 e5 7.d5 Ne7 8.Qh5 Ng6
9.Nf3 Bd6 10.Bb5+ Bd7 11.Bxd7+ Qxd7 12.O-O O-O 13.c4 f6 14.Rb1 Qa4 15.Nh4 Nxh4
16.Qxh4 Qxa2 17.Be3 Qxc4 18.Rfc1 Qa6 19.Qg4 b6 20.f4 Qd3 21.Re1 f5 22.Qg5 Qxe4
23.Rbd1 h6 24.Qh5 exf4 25.Bd4 Qxd5 26.Bxg7 Qf7 27.Qxf7+ Rxf7 28.Bxh6 Rf6
29.Bg5 Rg6 30.h4 Kf7 31.Rd5 Re6 32.Rxf5+ Kg6 33.Rxe6+ Kxf5 34.Rf6+ Kg4 35.Rg6 a5
36.Bf6+ Kf5 37.h5 Re8 38.Bh4 Rh8 39.Rg5+ Ke4 40.Be1 Bb4 41.Kf1 Kd3 42.Rd5+ Kc2
43.Bh4 Bc3 44.Bd8 a4 45.Be7 c5 46.Rd6 a3  0-1

[Event "Sportland NRW Cup"]
[Site "Senden GER"]
[Date "2001.10.21"]
[Round "9"]
[White "Ibragimov,I"]
[Black "Zaragatski,I"]
[Result "1-0"]
[WhiteElo "2567"]
[BlackElo "2259"]

1.d4 d5 2.c4 Nc6 3.e3 dxc4 4.Bxc4 e5 5.Nf3 exd4 6.exd4 Bb4+ 7.Nc3 Nf6 8.O-O O-O
9.h3 Bf5 10.Bg5 Be7 11.d5 Nb8 12.Re1 h6 13.Bh4 Nbd7 14.Nd4 Bg6 15.Bd3 Bxd3
16.Qxd3 Nxd5 17.Bxe7 Nxe7 18.Rad1 Ng6 19.Nf5 Nde5 20.Qe4 Qg5 21.h4 Qg4 22.Qxg4 Nxg4
23.h5 Nh8 24.Re7 Nf6 25.Rxc7 Nxh5 26.Rxb7 Ng6 27.Rdd7 Nf6 28.Rdc7 a5 29.Nd6 Ne5
30.Re7 Ne8 31.Nde4 Nc6 32.Red7 f5 33.Nc5 Ne5 34.Rd5 Nc4 35.Nb5 Nf6 36.Rxf5 Nxb2
37.Ne6 Rf7 38.Nbc7 Nc4 39.Rc5 Nd6 40.Rb6 Nd7 41.Rxd6 Nxc5 42.Nxa8  1-0